Statystyki dla Państwa według ciekawostek#2

Kliknij tutaj aby rozwiązać quiz!

Ogólne statystyki

  • Ten quiz został rozwiązany 202 razy
  • Średni wynik to 4 z 9

Statystyki odpowiedzi

CiekawostkaOdpowiedź% Poprawnych
Jest tam największ las deszczowy-AmazoniaBrazylia
93%
Ten kraj ma szanse w 2024 roku być najbardziej zaludnionym krajem na świecie przeganiając ChinyIndie
85%
17 osób z tego kraju zostało laureatami nagrody NoblaPolska
63%
W tym kraju odbywał się ride the DakarSenegal
59%
Ten kraj ma najlepszą czekoladę na świecieBelgia
52%
30% wszystkich wydobytych diamentów świata wydobyto w tym krajuDemokratyczna Republika Konga
38%
Jest to najbogatszy kraj na świecieKatar
37%
Muckanaghederdauhaulia jest to najdłuższa nazwa miejscowości w tym krajuIrlandia
16%
83,6% populacji żyje za mniej niż 12 zł dziennieGwinea Bissau
6%

Rozkład punktacji

Percentyl według liczby udzielonych odpowiedzi

Procent ludzi z każdym wynikiem

Twoja historia wyników

Nie rozwiązałeś tego quizu